| 000 | 01499nam a2200217 a 4500 | ||
|---|---|---|---|
| 001 | BRCA_8921 | ||
| 005 | 20190320210447.0 | ||
| 008 | 270617s--------sp-#######---#000-0#spa-# | ||
| 041 | _aspa | ||
| 044 | _asp | ||
| 084 |
_aLE2 _b.L69 |
||
| 100 | 1 |
_aLozano, Christobal _d1609 - 1667 _921879 |
|
| 245 | 1 | 0 |
_a[El grande hijo de David más perseguido, Jesu Christo señor nuestro _bHistoria sagrada _cescrita por el Dr. Don Christobal Lozano; Tomo 1.] |
| 300 |
_a[13], [12], 371 p. (t.1) _c21 x 16 cm |
||
| 500 | _aEstado físico: presenta encuadernación en pergamino con cintas rotas y carece de portada | ||
| 500 | _aCon marca de fuego: “Procedencia de la marca: Convento de San Francisco de Querétaro(1). Institución: Orden de Frailes Menores. Provincia de San Pedro y San Pablo de Michoacán. Descripción: Tres iniciales separadas: ´C´, ´S´ y ´Q´ en cuya silueta se agregó el resto del texto: C[onvento] S[an Francisco] Q[uerétaro]. Luego el escudo franciscano de las 5 llagas inscrito en un círculo formado del cordón franciscano. Observaciones: Rafael Sala, Carlos Krausse y David Saavedra Vega la catalogan como perteneciente al Convento de San Francisco de Querétaro. Ubicación de la marca en el libro: Canto superior, inferior y fronta” | ||
| 600 | 1 | 4 |
_aJesucristo _yObras anteriores a 1800 _922180 |
| 856 | _ahttp://www.marcasdefuego.buap.mx:8180/xmLibris/projects/firebrand/item.jsp?repository=marcas_de_fuego&key=d6defe3d.xml&num=14 | ||
| 902 | _aCFM | ||
| 942 |
_2lcc _cB |
||
| 999 |
_c8572 _d8572 |
||